Statistics for Historical Flags of Countries of the World

Click here to take the quiz!

General Stats

  • This quiz has been taken 7,131 times
  • The average score is 42 of 179

Answer Stats

Answer% Correct
United Kingdom
96%
United States
93%
Canada
81%
Italy
79%
Germany
77%
Spain
71%
India
68%
South Korea
68%
Netherlands
67%
Israel
65%
North Korea
64%
Austria
62%
Belgium
61%
Cyprus
61%
France
61%
Russia
61%
China
60%
Uruguay
60%
Portugal
59%
Australia
51%
Turkey
50%
Nepal
49%
Sri Lanka
48%
Bhutan
45%
Panama
44%
South Africa
43%
Cuba
42%
Afghanistan
41%
Lebanon
41%
Burundi
40%
Mexico
40%
New Zealand
40%
Belize
39%
Rwanda
38%
Bangladesh
37%
Iran
37%
Cambodia
36%
Dominica
36%
Ethiopia
35%
Poland
35%
Qatar
35%
Brazil
33%
Libya
33%
North Macedonia
33%
Belarus
32%
Syria
31%
Thailand
31%
Georgia
30%
Lithuania
30%
Croatia
29%
Ireland
29%
Mauritania
29%
Jordan
28%
Latvia
28%
Lesotho
28%
Democratic Republic of the Congo
27%
Kazakhstan
27%
Montenegro
27%
Argentina
26%
Egypt
26%
Equatorial Guinea
26%
Laos
26%
Liberia
26%
Malawi
26%
Mozambique
26%
Bahrain
25%
Greece
25%
Mali
25%
Peru
25%
Albania
24%
Eswatini
24%
Venezuela
24%
Kosovo
23%
Slovakia
23%
Slovenia
23%
Switzerland
23%
Ghana
22%
Japan
22%
Kiribati
22%
Tajikistan
22%
Denmark
21%
Myanmar
21%
Romania
21%
Cameroon
20%
Finland
20%
Kyrgyzstan
20%
Iraq
18%
Uganda
18%
Uzbekistan
18%
Dominican Republic
17%
Honduras
17%
Czech Republic
16%
Liechtenstein
16%
Morocco
16%
Papua New Guinea
16%
Philippines
16%
Serbia
16%
Turkmenistan
16%
Zimbabwe
16%
Mongolia
15%
Tonga
15%
Armenia
14%
Colombia
14%
Tanzania
14%
Vietnam
14%
Monaco
13%
Azerbaijan
12%
Burkina Faso
12%
Eritrea
12%
Gabon
12%
Malaysia
12%
Oman
12%
San Marino
12%
Suriname
12%
Yemen
12%
Hungary
11%
Seychelles
11%
Tuvalu
11%
Comoros
10%
Kuwait
10%
Norway
10%
Republic of the Congo
10%
Taiwan
10%
Ukraine
10%
Barbados
9%
Benin
9%
East Timor
9%
Ecuador
9%
Saudi Arabia
9%
Bulgaria
8%
Madagascar
8%
Sweden
8%
United Arab Emirates
8%
Bahamas
7%
El Salvador
7%
Haiti
7%
Nigeria
7%
Bolivia
6%
Brunei
6%
Cape Verde
6%
Central African Republic
6%
Estonia
6%
Fiji
6%
Maldives
6%
Malta
6%
Moldova
6%
Saint Vincent and the Grenadines
6%
Sierra Leone
6%
Algeria
5%
Chile
5%
Costa Rica
5%
Gambia
5%
Sudan
5%
Zambia
5%
Andorra
4%
Bosnia and Herzegovina
4%
Grenada
4%
Iceland
4%
Kenya
4%
Marshall Islands
4%
Nicaragua
4%
Saint Kitts and Nevis
4%
Togo
4%
Tunisia
4%
Vanuatu
4%
Chad
3%
Guatemala
3%
Jamaica
3%
Namibia
3%
Paraguay
3%
Senegal
3%
Singapore
3%
Antigua and Barbuda
2%
Guyana
2%
Saint Lucia
2%
Samoa
2%
Solomon Islands
2%
Trinidad and Tobago
2%
Mauritius
1%

Score Distribution

Percentile by Number Answered

Percent of People with Each Score

Your Score History

You have not taken this quiz